Statistiques concernant Royal Family

Cliquez ici pour prendre le quiz!

Statistiques générales

  • Ce quiz a été pris 79 fois
  • Le résultat moyen est 10 sur 15

Statistiques - réponses

HintRéponse% Correct
6Charles
97%
12Prince William
95%
14Prince Harry
92%
2Queen Elizabeth
87%
4Queen Elizabeth II
87%
1King George VI
82%
5Prince Philip
73%
7Diana
67%
9Anne
63%
11Prince Edward
62%
15Meghan
60%
10Prince Andrew
53%
3Princess Margaret
50%
13Catherine
35%
8Camila
27%

Distribution des résultats

Percentile par nombre de réponses

% des personnes avec chaque résultat

Votre développement - résultats

Vous n’avez pas pris ce quiz